| 000 | 00575nam a2200181 a 4500 | ||
|---|---|---|---|
| 001 | 63 | ||
| 003 | CDMR | ||
| 005 | 20130516193349.0 | ||
| 008 | 130130s1992||||||||||||||||||||||||||||d | ||
| 040 |
_aCDMR _bcat _cCDMR |
||
| 111 | 2 |
_aCongreso Iberoamericano de Periodistas Especializados y Técnicos _cBarcelona _d1992 _n3er _966 |
|
| 245 | 1 | 0 | _a3er Congreso Iberoamericano de Periodistas especializados y Técnicos (CIPET) |
| 260 |
_aBarcelona _c1992 _bAIPET |
||
| 300 | _c30 cm | ||
| 650 | 0 | 4 |
_93330 _aPeriodisme especialitzat |
| 650 | 0 | 4 |
_93445 _aPeriodisme _xCongressos |
| 942 |
_cMON _2udc |
||
| 999 |
_c63 _d63 |
||